Modèles de voitures au nom géographique - Statistiques

Statistiques générales
  • Ce quiz a été pris 83 fois
  • Le résultat moyen est 6 sur 23
Statistiques - réponses
Hint Brand Model % Correct
Capitale de la Guyane française Porsche Cayenne
72%
Ville d'Espagne connue pour sa vie nocturne Seat Ibiza
68%
Ville du Brésil KIA Rio
58%
Ville canadienne Alfa Romeo Montreal
45%
État américain Ferrari / Volkswagen California
38%
Village français le long du circuit des 24 heures du Mans Bentley Mulsanne | Arnage
31%
Château français Lincoln Versailles
30%
Ville d'Espagne Cadillac Seville
27%
Chaîne de montagne en espagnol Ford / GMC Sierra
25%
Col routier italien Alfa Romeo Stelvio | Tonale
23%
Île de l'Alaska Škoda Kodiaq
18%
Quartier d'une célèbre cité-état Lancia / Chevrolet Monte Carlo
18%
Territoire canadien GMC Yukon
18%
Capitale d'un état américain Hyundai Santa Fe
15%
Région naturelle du sud de la France Rolls-Royce Camargue
14%
Le nom des îles de Venise Nissan Murano
13%
État mexicain ou ville du Colorado Dodge Durango
11%
Ville de Floride possédant un circuit Chrysler / Maserati Sebring
8%
Quartier de Manhattan Subaru Tribeca
8%
Village suisse situé sur les rives du Lac Majeur Opel Ascona
7%
Ville Suisse au bord du Lac des 4 Cantons Buick Lucerne
6%
Lac de montagne situé dans la Sierra Nevada Chevrolet Tahoe
6%
Ville de l'état du Washington Toyota Tacoma
3%
Aucun quiz correspondant
Distribution des résultats
% des personnes avec chaque résultat
Percentile par nombre de réponses
Votre historique - résultats
Vous n’avez pas pris ce quiz